Railway Stations in Great Britain Starting with G - Statistics

General Stats
  • This quiz has been taken 86 times
  • The average score is 31 of 102
Answer Stats
County Passengers (2024/2025) Station % Correct
Glasgow City 25,293,930 Glasgow Central
97%
Lincolnshire 1,484,114 Grantham
87%
Kent 2,542,112 Gillingham
77%
Dorset 357,614 Gillingham
77%
Gloucestershire 1,763,556 Gloucester
73%
Glasgow City 14,950,752 Glasgow Queen Street
70%
Norfolk 439,660 Great Yarmouth
63%
Surrey 6,372,542 Guildford
63%
West Sussex 21,211,048 Gatwick Airport
60%
Essex 3,585,722 Grays
60%
Lincolnshire 438,712 Grimsby Town
60%
Surrey 1,687,572 Godalming
57%
East Riding of Yorkshire 324,606 Goole
57%
Greater London 2,439,476 Greenwich
57%
Greater London 2,998,252 Gidea Park
53%
Buckinghamshire 399,198 Great Missenden
53%
Greater London 4,772,640 Goodmayes
50%
Kent 2,886,256 Gravesend
50%
Greater London 140,064 Greenford
50%
Dumfries and Galloway 51,464 Gretna Green
43%
Lincolnshire 2,372 Gainsborough Central
40%
Lincolnshire 211,442 Gainsborough Lea Road
40%
Greater London 2,664,268 Gospel Oak
40%
Worcestershire 428,770 Great Malvern
40%
Lincolnshire 3,676 Grimsby Docks
40%
Hertfordshire 53,142 Garston
37%
Derbyshire 739,966 Glossop
37%
Greater London 1,961,546 Gunnersbury
37%
Norfolk 36,122 Gunton
37%
Perth and Kinross 104,594 Gleneagles
33%
Oxfordshire 360,440 Goring and Streatley
33%
Greater London 493,126 Grange Park
33%
Inverclyde 334,786 Greenock West
33%
Scottish Borders 309,374 Galashiels
30%
Buckinghamshire 1,102,694 Gerrards Cross
30%
Greater London 1,401,264 Gipsy Hill
30%
Shropshire 247,608 Gobowen
30%
Angus 1,292 Golf Street
30%
Greater Manchester 58,130 Gorton
30%
Merseyside 374,800 Green Lane
30%
Inverclyde 244,898 Greenock Central
30%
Greater London 2,296,634 Grove Park
30%
West Yorkshire 1,019,178 Guiseley
30%
Cornwall 50,302 Gunnislake
30%
North Yorkshire 40,672 Gargrave
27%
Bridgend 22,396 Garth
27%
Powys 1,118 Garth
27%
Highland 1,992 Georgemas Junction
27%
Swansea 158,620 Gowerton
27%
Greater Manchester 350,528 Greenfield
27%
North Yorkshire 15,484 Grosmont
27%
North Yorkshire 19,420 Glaisdale
23%
Highland 18,274 Glenfinnan
23%
Greater London 1,152,836 Gordon Hill
23%
West Sussex 549,464 Goring-by-Sea
23%
Cumbria 154,568 Grange-over-Sands
23%
Cardiff 258,616 Grangetown
23%
Hampshire 281,170 Grateley
23%
Essex 100,560 Great Chesterford
23%
Kent 856,592 Greenhithe for Bluewater
23%
Derbyshire 126,460 Grindleford
23%
North Yorkshire 44,024 Gypsy Lane
23%
Argyll and Bute 17,740 Garelochhead
20%
West Yorkshire 561,056 Garforth
20%
Cumbria 17,054 Garsdale
20%
Highland 3,964 Garve
20%
North Yorkshire 15,486 Giggleswick
20%
East Riding of Yorkshire 76,958 Gilberdyke
20%
Conwy 7,148 Glan Conwy
20%
Fife 50,756 Glenrothes with Thornton
20%
East Sussex 68,736 Glynde
20%
Greater Manchester 74,244 Godley
20%
Highland 5,352 Golspie
20%
Inverclyde 400,706 Gourock
20%
North Yorkshire 13,508 Great Ayton
20%
Greater Manchester 268,220 Guide Bridge
20%
Wrexham 29,408 Gwersyllt
20%
Greater Manchester 373,524 Gatley
17%
Caerphilly 5,142 Gilfach Fargoed
17%
South Ayrshire 61,504 Girvan
17%
Lincolnshire 6,340 Great Coates
17%
Cumbria 7,480 Green Road
17%
Glasgow City 217,630 Garscadden
13%
North Lanarkshire 180,516 Gartcosh
13%
Glasgow City 68,720 Gilshochill
13%
Cheshire 25,546 Glazebrook
13%
Surrey 67,778 Godstone
13%
South Yorkshire 72,756 Goldthorpe
13%
Surrey 58,620 Gomshall
13%
Cheshire 39,526 Goostrey
13%
Lincolnshire 10,864 Goxhill
13%
Essex 105,230 Great Bentley
13%
Cheshire 214,818 Greenbank
13%
North Lanarkshire 115,778 Greenfaulds
13%
East Renfrewshire 235,042 Giffnock
10%
West Yorkshire 108,944 Glasshoughton
10%
North Ayrshire 290,886 Glengarnock
10%
Midlothian 121,090 Gorebridge
10%
West Midlands 390,286 Gravelly Hill
10%
Glasgow City 369,700 Garrowhill
7%
Greater Manchester 74,078 Gathurst
7%
Merseyside 135,728 Garswood
3%
No matching quizzes found
Score Distribution
Percent of People with Each Score
Percentile by Number Answered
Your Score History
You have not taken this quiz